000 00388nam a2200145Ia 4500
008 230711s9999||||xx |||||||||||||| ||und||
041 _aENG
082 _a4
_bME-L
100 _aMegson,T.H.G
245 0 _aLinear analysis of thin walled elastic structures
250 _a1st . Ed.
260 _c1974
_aGuildford
_bSurrey University Press Ltd
650 _aComputer Engineering
942 _cBK
999 _c1101
_d1101